Conversations with Yogananda / (Record no. 95203)

MARC details
000 -LEADER
fixed length control field 00576nam a22001817a 4500
005 - DATE AND TIME OF LATEST TRANSACTION
control field 20151103112027.0
010 ## - LCCN (DPL NO)
LC control number ENG-113651
020 ## - INTERNATIONAL STANDARD BOOK NUMBER
International Standard Book Number 9788189430504
Terms of availability 350.00
035 ## - SYSTEM CONTROL NUMBER
System control number EN-97183
037 ## - SOURCE OF ACQUISITION
Source of stock number/acquisition DBAD/PUB
082 ## - DEWEY DECIMAL CLASSIFICATION NUMBER
Classification number 181.4
245 ## - TITLE STATEMENT
Title Conversations with Yogananda /
Statement of responsibility, etc recorded, with reflections, by his disciple Swami Kriyananda (J. Donald Walters)
260 ## - PUBLICATION, DISTRIBUTION, ETC. (IMPRINT)
Place of publication, distribution, etc Gurgaon
Name of publisher, distributor, etc Ananda Sangha Publications
Date of publication, distribution, etc 2003
270 ## - ADDRESS
City Gurgaon
Address B-10/8, DLF Phase- I
300 ## - PHYSICAL DESCRIPTION
Extent 450p.
Dimensions 25cm(pbk)
500 ## - GENERAL NOTE
General note Includes index
942 ## - ADDED ENTRY ELEMENTS (KOHA)
Source of classification or shelving scheme Dewey Decimal Classification
Item type English Books
Call number suffix CON
Classification part 181.4
Holdings
Withdrawn status Lost status Not for loan Collection code Home library Current library Date acquired Source of acquisition Cost, normal purchase price Full call number Barcode Copy number Cost, replacement price Koha item type
    Not For Loan Non-fiction D.B.Act.Division D.B.Act.Division 24/07/2015 DBAD/PUB 350.00 181.4 CON EN-97183 1 350.00 English Books

© Delhi Public Library
Hit Counter
free hit counter